Electric circuit theory / (Record no. 190583)

000 -LEADER
fixed length control field 01007 a2200169 4500
003 - CONTROL NUMBER IDENTIFIER
control field Nust
005 - DATE AND TIME OF LATEST TRANSACTION
control field 20221124133825.0
040 ## - CATALOGING SOURCE
Transcribing agency Nust
082 ## - DEWEY DECIMAL CLASSIFICATION NUMBER
Classification number 621.38132,ARU
100 ## - MAIN ENTRY--PERSONAL NAME
Personal name Dr. M. Armugam , N . Premakumaran
9 (RLIN) 103503
245 ## - TITLE STATEMENT
Title Electric circuit theory /
Statement of responsibility, etc. Dr. M. Armugam , N . Premakumaran
260 ## - PUBLICATION, DISTRIBUTION, ETC.
Place of publication, distribution, etc. Dehli
Name of publisher, distributor, etc. Khanna Publishers
Date of publication, distribution, etc. 1997
300 ## - PHYSICAL DESCRIPTION
Extent 462p
505 ## - FORMATTED CONTENTS NOTE
Formatted contents note Introduction (Page-1), Direct Current Circuits –I (Page-11), Direct Current Circuits –II (Page-35), Network Theory (Page-68), Alternating Current Fundamentals (Page-108), A.C. Circuits (Page-141), Resonance in A.C. Circuits (Page-182), A.C. Network Analysis (Page-204), A.C. Network Theorems (Page-226), Coupled Circuits (Page-249), Poly Phase Circuits (Page-261), Symmetrical Components (Page-284), Circuits Transient (Page-292), Two Port Networks (Page-361), Electric Wave Filters (Page-391), Fourier Series (Page-426), State Variables Analysis (Page-451),
650 ## - SUBJECT ADDED ENTRY--TOPICAL TERM
Topical term or geographic name entry element Telecommunication Engineering
942 ## - ADDED ENTRY ELEMENTS (KOHA)
Source of classification or shelving scheme
Koha item type Book
Holdings
Withdrawn status Lost status Source of classification or shelving scheme Damaged status Not for loan Permanent Location Current Location Shelving location Date acquired Full call number Barcode Date last seen Price effective from Koha item type Public note
          Military College of Signals (MCS) Military College of Signals (MCS) General Stacks 12/12/2016 621.38132,ARU MCS26645 12/08/2016 12/12/2016 Book Almirah No.32, Shelf No.3
© 2023 Central Library, National University of Sciences and Technology. All Rights Reserved.